Top 10 Most Well Known Countries - Statistics

General Stats
  • This quiz has been taken 64 times
  • The average score is 9 of 10
Answer Stats
Answer % Correct
China
98%
France
98%
United Kingdom
98%
United States of America
98%
Russia
95%
Spain
93%
Canada
91%
Germany
91%
India
90%
Japan
88%
No matching quizzes found
Score Distribution
Percent of People with Each Score
Percentile by Number Answered
Your Score History
You have not taken this quiz